[Event "DEM U18 2016"]
[Site "Willingen GER"]
[Date "2016.05.15"]
[Round "2"]
[White "Schäfer, Marlon"]
[Black "Geue, Niklas"]
[Result "0-1"]
[Termination "normal"]
[Board "10"]
[WhiteElo "1733"]
[BlackElo "1936"]
[PlyCount "94"]
[WhiteFideId "16208773"]
[BlackFideId "12961043"]
[EventCountry "GER"]
[EventRounds "9"]
[EventType "swiss"]
[EventDate "2016.05.14"]

1. e4 e6 2. d4 d5 3. e5 c5 4. c3 Nc6 5. Nf3 Qb6 6. Bd3 cxd4 7. cxd4 Bd7 8. O-O
Nb4 9. Be2 Bb5 10. Bxb5+ Qxb5 11. Nc3 Qa6 12. Bg5 h6 13. Be3 Ne7 14. a3 Nbc6
15. b4 Qb6 16. Na4 Qd8 17. Nc5 Rb8 18. Qa4 Nc8 19. Nxb7 Qd7 20. Nc5 Bxc5 21.
dxc5 Nxe5 22. Qd1 Nxf3+ 23. Qxf3 Ne7 24. Qg4 Nf5 25. Bf4 Rc8 26. Rfc1 d4 27.
Rab1 a6 28. Qe2 Qc6 29. Rb3 O-O 30. Rh3 f6 31. Qc4 g5 32. Bd2 Kg7 33. Re1 e5
34. Qd3 Nh4 35. Qg3 Ng6 36. Qg4 f5 37. Qh5 Rh8 38. Rf3 f4 39. g3 e4 40. Rb3 e3
41. fxe3 fxe3 42. Bc1 Ne5 43. Rf1 Rhf8 44. Rxf8 Rxf8 45. Rb2 Nf3+ 46. Kf1 Nxh2+
47. Ke2 Qb5+ 0-1

[Event "DEM U18 2016"]
[Site "Willingen GER"]
[Date "2016.05.15"]
[Round "2"]
[White "Glagau, Lars"]
[Black "Schnabel, Bennett"]
[Result "0-1"]
[Termination "normal"]
[Board "12"]
[WhiteElo "1447"]
[BlackElo "2047"]
[PlyCount "54"]
[WhiteFideId "16200390"]
[BlackFideId "12943290"]
[EventCountry "GER"]
[EventRounds "9"]
[EventType "swiss"]
[EventDate "2016.05.14"]

1. d4 f5 2. c4 Nf6 3. Nc3 d6 4. Nf3 g6 5. g3 Bg7 6. Bg2 O-O 7. O-O Qe8 8. Re1
Qf7 9. Qd3 h6 10. b3 c6 11. Bb2 Nbd7 12. e4 fxe4 13. Nxe4 Nxe4 14. Qxe4 e5 15.
Re2 Nf6 16. Qb1 e4 17. Nd2 d5 18. cxd5 cxd5 19. f3 exf3 20. Nxf3 Bf5 21. Qe1
Ne4 22. Ne5 Qe6 23. Rc1 Rac8 24. Rcc2 Rxc2 25. Rxc2 Bxe5 26. dxe5 Nxg3 27. Rc7
Qb6+ 0-1

[Event "DEM U18 2016"]
[Site "Willingen GER"]
[Date "2016.05.16"]
[Round "3"]
[White "Ehmann, Thilo"]
[Black "Beeck, Mats"]
[Result "1/2-1/2"]
[Termination "normal"]
[Board "2"]
[WhiteElo "2305"]
[BlackElo "2114"]
[WhiteClock "00:04:17"]
[BlackClock "00:01:49"]
[PlyCount "67"]
[WhiteFideId "12940968"]
[BlackFideId "12936944"]
[EventCountry "GER"]
[EventRounds "9"]
[EventType "swiss"]
[EventDate "2016.05.14"]

1. e4 e5 2. Nf3 Nc6 3. Bc4 Nf6 4. d4 exd4 5. e5 d5 6. Bb5 Ne4 7. Nxd4 Bc5 8.
Be3 O-O 9. Nxc6 bxc6 10. Bxc5 Nxc5 11. Bxc6 Rb8 12. Qxd5 Qe7 13. O-O Rxb2 14.
Na3 Rb6 15. Rab1 Rd8 16. Qf3 Ne6 17. Rxb6 axb6 18. Qe3 Qb4 19. h3 Qd2 20. Qxd2
Rxd2 21. Bb5 Nc5 22. Rc1 Bb7 23. Nb1 Rd5 24. Re1 Kf8 25. Bf1 Ke7 26. Nc3 Rd2
27. Re2 Rd8 28. Nb5 Ba6 29. Re1 Ne6 30. Bc4 Rd2 31. Bxe6 Bxb5 32. Bf5 g6 33.
Be4 Ba4 34. Rc1 1/2-1/2

[Event "DEM U18 2016"]
[Site "Willingen GER"]
[Date "2016.05.16"]
[Round "3"]
[White "Boes, Julian"]
[Black "Keller, Peter"]
[Result "1/2-1/2"]
[Termination "normal"]
[Board "3"]
[BlackTitle "FM"]
[WhiteElo "2231"]
[BlackElo "2285"]
[WhiteClock "00:36:19"]
[BlackClock "00:39:18"]
[PlyCount "41"]
[WhiteFideId "12907723"]
[BlackFideId "1272105"]
[EventCountry "GER"]
[EventRounds "9"]
[EventType "swiss"]
[EventDate "2016.05.14"]

1. e4 e5 2. Nf3 Nc6 3. Bb5 a6 4. Bxc6 dxc6 5. O-O Bg4 6. h3 h5 7. d3 Qf6 8.
Nbd2 g5 9. Nc4 Bxf3 10. Qxf3 Qxf3 11. gxf3 f6 12. Be3 Ne7 13. Rfd1 Ng6 14. Kf1
Be7 15. Ke2 c5 16. a4 b6 17. c3 Rd8 18. Na3 O-O 19. Rg1 Kh7 20. Rad1 Kh6 21.
Nc2 1/2-1/2

[Event "DEM U18 2016"]
[Site "Willingen GER"]
[Date "2016.05.16"]
[Round "3"]
[White "Pfreundt, Jakob"]
[Black "Reitz, Philipp"]
[Result "1-0"]
[Termination "normal"]
[Board "4"]
[WhiteElo "2248"]
[BlackElo "1831"]
[WhiteClock "01:13:31"]
[BlackClock "00:56:13"]
[PlyCount "53"]
[WhiteFideId "12918156"]
[BlackFideId "12973297"]
[EventCountry "GER"]
[EventRounds "9"]
[EventType "swiss"]
[EventDate "2016.05.14"]

1. e4 c5 2. Nf3 d6 3. d4 cxd4 4. Nxd4 Nf6 5. Nc3 g6 6. Be2 Bg7 7. O-O O-O 8.
Re1 Nc6 9. Nb3 b6 10. Bf1 Bb7 11. Bg5 h6 12. Bh4 Rc8 13. Nd5 g5 14. Bg3 Nxd5
15. exd5 Nb4 16. c4 Bxb2 17. Rb1 Bg7 18. Qd2 Na6 19. h4 Bf6 20. hxg5 hxg5 21.
Nd4 Qd7 22. Bd3 Bxd4 23. Qxg5+ Bg7 24. Rxe7 Qd8 25. Qf5 Re8 26. Qxf7+ Kh8 27.
Qxg7# 1-0

[Event "DEM U18 2016"]
[Site "Willingen GER"]
[Date "2016.05.16"]
[Round "3"]
[White "Geue, Niklas"]
[Black "Riehle, Marco"]
[Result "0-1"]
[Termination "normal"]
[Board "5"]
[WhiteElo "1936"]
[BlackElo "2271"]
[WhiteClock "00:04:12"]
[BlackClock "00:59:10"]
[PlyCount "66"]
[WhiteFideId "12961043"]
[BlackFideId "12904392"]
[EventCountry "GER"]
[EventRounds "9"]
[EventType "swiss"]
[EventDate "2016.05.14"]

1. c4 c5 2. Nf3 Nf6 3. g3 d5 4. cxd5 Nxd5 5. Bg2 Nc6 6. Nc3 Nc7 7. O-O e5 8. d3
Be7 9. Nd2 O-O 10. Nc4 f6 11. Bxc6 bxc6 12. Be3 Ne6 13. Qa4 Nd4 14. Rac1 Be6
15. Na5 Qb6 16. b3 Rac8 17. Rfe1 Rfd8 18. Nc4 Qc7 19. Qa5 Qb7 20. f4 exf4 21.
Bxf4 Rd7 22. Ne4 Qb5 23. Qc3 Rcd8 24. Nb2 c4 25. bxc4 Qh5 26. Nf2 Rb7 27. a3
Rb3 28. Qd2 Bxa3 29. Nfd1 Bb4 30. Nc3 Rxc3 31. Rxc3 Bxc3 32. Qxc3 Nxe2+ 33.
Rxe2 Qxe2 0-1

[Event "DEM U18 2016"]
[Site "Willingen GER"]
[Date "2016.05.16"]
[Round "3"]
[White "Gschnitzer, Adrian"]
[Black "Peters, Tom"]
[Result "1-0"]
[Termination "normal"]
[Board "6"]
[WhiteElo "2258"]
[BlackElo "1979"]
[WhiteClock "00:39:29"]
[BlackClock "00:03:52"]
[PlyCount "69"]
[WhiteFideId "1270337"]
[BlackFideId "24694444"]
[EventCountry "GER"]
[EventRounds "9"]
[EventType "swiss"]
[EventDate "2016.05.14"]

1. e4 c5 2. Nf3 Nc6 3. d4 cxd4 4. Nxd4 Nf6 5. Nc3 d6 6. Bg5 Bd7 7. Qd2 Rc8 8.
f3 Nxd4 9. Qxd4 Qa5 10. h4 a6 11. Bc4 Qc5 12. Qxc5 Rxc5 13. Bb3 b5 14. O-O-O a5
15. a4 b4 16. Nb5 Rc8 17. Be3 Rb8 18. Nc7+ Kd8 19. Nd5 e6 20. Nb6 Kc7 21. Nc4
Be7 22. Nxa5 Ra8 23. Nc4 Rhb8 24. a5 Bb5 25. Bb6+ Kc6 26. c3 Bxc4 27. Bxc4 Nd7
28. cxb4 Nxb6 29. axb6 Rxb6 30. b5+ Kc5 31. Be2 Bf6 32. Kb1 Kb4 33. Rc1 Rb7 34.
Rc4+ Kb3 35. f4 1-0

[Event "DEM U18 2016"]
[Site "Willingen GER"]
[Date "2016.05.16"]
[Round "3"]
[White "Schnabel, Bennett"]
[Black "Borchert, René"]
[Result "1/2-1/2"]
[Termination "normal"]
[Board "7"]
[WhiteElo "2047"]
[BlackElo "2174"]
[PlyCount "99"]
[WhiteFideId "12943290"]
[BlackFideId "12990671"]
[EventCountry "GER"]
[EventRounds "9"]
[EventType "swiss"]
[EventDate "2016.05.14"]

1. e4 e5 2. Nf3 Nc6 3. Bb5 a6 4. Bxc6 dxc6 5. O-O Qf6 6. d4 exd4 7. Bg5 Qd6 8.
Nxd4 Bd7 9. Nc3 Ne7 10. Nb3 Qxd1 11. Raxd1 b6 12. Rd2 O-O-O 13. Rfd1 f6 14. Be3
Ng6 15. f4 Bb4 16. Nd4 Bxc3 17. bxc3 Rhe8 18. e5 c5 19. Nf3 Bc6 20. Rxd8+ Rxd8
21. Rxd8+ Kxd8 22. exf6 gxf6 23. Kf2 Be4 24. Ne1 c4 25. g4 c5 26. Kg3 Ne7 27.
h4 Nd5 28. Bd2 Ke7 29. g5 Ke6 30. h5 b5 31. a3 a5 32. Ng2 Bxc2 33. Ne3 Nxe3 34.
Bxe3 b4 35. axb4 cxb4 36. cxb4 axb4 37. Bc5 b3 38. Bd4 fxg5 39. fxg5 Kd5 40.
Bc3 Ke4 41. g6 hxg6 42. h6 Kd3 43. Bb2 c3 44. Bxc3 Kxc3 45. h7 b2 46. h8=Q+ Kb3
47. Qg8+ Ka3 48. Qf8+ Ka4 49. Qa8+ Kb4 50. Qb8+ 1/2-1/2

[Event "DEM U18 2016"]
[Site "Willingen GER"]
[Date "2016.05.16"]
[Round "3"]
[White "Sabirov, Ramil"]
[Black "Gabler, Eric"]
[Result "1/2-1/2"]
[Termination "normal"]
[Board "8"]
[WhiteElo "2043"]
[BlackElo "1992"]
[PlyCount "190"]
[WhiteFideId "12900303"]
[BlackFideId "12949841"]
[EventCountry "GER"]
[EventRounds "9"]
[EventType "swiss"]
[EventDate "2016.05.14"]

1. Nf3 d5 2. c4 d4 3. e3 c5 4. b4 dxe3 5. fxe3 cxb4 6. d4 e6 7. Bd3 f5 8. a3
Nf6 9. O-O bxa3 10. Bxa3 Bxa3 11. Rxa3 O-O 12. Nc3 Nc6 13. c5 Ng4 14. Qd2 f4
15. exf4 Nxd4 16. Bxh7+ Kxh7 17. Qxd4 Qxd4+ 18. Nxd4 e5 19. fxe5 Rxf1+ 20. Kxf1
Nxe5 21. Ncb5 a6 22. Nd6 Nd7 23. Ne6 Rb8 24. Rg3 g6 25. Rh3+ Kg8 26. Rb3 Ne5
27. Nc7 a5 28. Re3 Nd7 29. Re8+ Kg7 30. Rxc8 Rxc8 31. Nxc8 Nxc5 32. Ke2 Kf6 33.
Ke3 Ke5 34. h4 Nd7 35. Nb5 Kf5 36. Kf3 Ne5+ 37. Kg3 g5 38. Ncd6+ Kg6 39. Nxb7
Kh5 40. hxg5 Kxg5 41. Nc5 Ng6 42. Na4 Nf4 43. Kf3 Nxg2 44. Kxg2 Kf4 45. Kf2 Ke4
46. Ke2 Kf4 47. Nbc3 Kf5 48. Kf3 Ke5 49. Ke3 Kf5 50. Ne2 Ke5 51. Nf4 Kf5 52.
Nd3 Ke6 53. Ke4 Kd6 54. Ne5 Ke6 55. Ng4 Kd6 56. Ne5 Ke6 57. Nc4 Kf6 58. Ne3 Ke6
59. Nf5 Kf6 60. Nd4 Kg5 61. Kf3 Kh5 62. Ne6 Kg6 63. Kf4 Kh5 64. Ng5 Kg6 65. Ne4
Kh5 66. Kg3 Kh6 67. Kh4 Kg6 68. Kg4 Kh6 69. Ng3 Kg6 70. Nh5 Kf7 71. Kf5 Ke7 72.
Ke5 Kd7 73. Kd5 Ke7 74. Nf4 Kf6 75. Ke4 Ke7 76. Ke5 Kd7 77. Nd5 Kc6 78. Ndc3
Kc7 79. Nb5+ Kc6 80. Nd6 Kc7 81. Kd5 Kd7 82. Nf5 Kd8 83. Ke6 Ke8 84. Ng7+ Kd8
85. Kd6 Kc8 86. Ne6 Kb8 87. Kd7 Kb7 88. Nd4 Ka6 89. Kc6 Ka7 90. Ne6 Kb8 91.
Nec5 Kc8 92. Nb7 Kb8 93. Nd6 Ka7 94. Kb5 Kb8 95. Kb6 Ka8 1/2-1/2

[Event "DEM U18 2016"]
[Site "Willingen GER"]
[Date "2016.05.16"]
[Round "3"]
[White "Mierzwa, Robert"]
[Black "Philipp, Mathias"]
[Result "0-1"]
[Termination "normal"]
[Board "10"]
[WhiteElo "1976"]
[BlackElo "1870"]
[PlyCount "56"]
[WhiteFideId "12918113"]
[BlackFideId "12958883"]
[EventCountry "GER"]
[EventRounds "9"]
[EventType "swiss"]
[EventDate "2016.05.14"]

1. d4 c5 2. d5 e5 3. e4 d6 4. Bb5+ Nd7 5. a4 g6 6. Nc3 Bg7 7. Nf3 Ne7 8. O-O
O-O 9. a5 h6 10. Nd2 f5 11. exf5 gxf5 12. Nc4 Nf6 13. f4 e4 14. Ne3 Kh7 15. Bd2
Bd7 16. Be1 Bxb5 17. Nxb5 Qd7 18. c4 Rae8 19. Nxa7 Ng4 20. Nxg4 fxg4 21. Qe2
Nf5 22. Bc3 Bd4+ 23. Kh1 Ne3 24. Rf2 g3 25. hxg3 Ng4 26. Rff1 Qf5 27. Bxd4 Qh5+
28. Kg1 Qh2# 0-1

[Event "DEM U18 2016"]
[Site "Willingen GER"]
[Date "2016.05.16"]
[Round "3"]
[White "Petri, Ben-Luca"]
[Black "Schäfer, Marlon"]
[Result "1/2-1/2"]
[Termination "normal"]
[Board "11"]
[WhiteElo "1694"]
[BlackElo "1733"]
[PlyCount "47"]
[WhiteFideId "12947261"]
[BlackFideId "16208773"]
[EventCountry "GER"]
[EventRounds "9"]
[EventType "swiss"]
[EventDate "2016.05.14"]

1. e4 e5 2. Nf3 Nc6 3. Bb5 Nf6 4. O-O Nxe4 5. Re1 Nd6 6. Nxe5 Be7 7. Bf1 Nf5 8.
c3 O-O 9. d4 Nxe5 10. Rxe5 d6 11. Re1 d5 12. Bd3 c6 13. Bf4 Bd6 14. Qf3 Nh4 15.
Qg3 Bxf4 16. Qxf4 Ng6 17. Qf3 Qg5 18. Qg3 Qf6 19. Nd2 Bf5 20. Bxf5 Qxf5 21. Nb3
h5 22. Nc5 h4 23. Qd3 Qg5 24. Qe3 1/2-1/2

[Event "DEM U18 2016"]
[Site "Willingen GER"]
[Date "2016.05.16"]
[Round "3"]
[White "Bugdahl, Felix"]
[Black "Glagau, Lars"]
[Result "1-0"]
[Termination "normal"]
[Board "12"]
[WhiteElo "1826"]
[BlackElo "1447"]
[PlyCount "29"]
[WhiteFideId "12938092"]
[BlackFideId "16200390"]
[EventCountry "GER"]
[EventRounds "9"]
[EventType "swiss"]
[EventDate "2016.05.14"]

1. e4 c5 2. Nf3 e6 3. d4 cxd4 4. Nxd4 a6 5. Nc3 Qc7 6. Be2 Nc6 7. Be3 Nf6 8.
O-O Bb4 9. Na4 Nxe4 10. Nxc6 bxc6 11. Qd4 Qa5 12. Qxe4 Qxa4 13. c3 Rb8 14. Bc5
d5 15. Qd4 1-0

[Event "DEM U18 2016"]
[Site "Willingen GER"]
[Date "2016.05.17"]
[Round "4"]
[White "Beeck, Mats"]
[Black "Grigorian, Spartak"]
[Result "0-1"]
[Termination "normal"]
[Board "1"]
[WhiteElo "2114"]
[BlackElo "2304"]
[WhiteClock "00:18:31"]
[BlackClock "00:36:36"]
[PlyCount "94"]
[WhiteFideId "12936944"]
[BlackFideId "24661490"]
[EventCountry "GER"]
[EventRounds "9"]
[EventType "swiss"]
[EventDate "2016.05.14"]

1. e4 c5 2. Nf3 d6 3. Bb5+ Bd7 4. Bxd7+ Nxd7 5. c4 Ngf6 6. Nc3 g6 7. O-O Bg7 8.
d4 cxd4 9. Nxd4 a6 10. b3 O-O 11. Re1 Qa5 12. Bb2 Rac8 13. Rc1 Rfe8 14. Kh1 e6
15. f3 Ne5 16. Qd2 Nfd7 17. f4 Bh6 18. Rf1 Nc5 19. Rcd1 Ned3 20. Ba1 Bg7 21.
Qe3 Nb4 22. Bb2 Nc6 23. Nxc6 Rxc6 24. Rf2 b5 25. cxb5 axb5 26. Nb1 Bxb2 27.
Rxb2 Nd7 28. Rbd2 Rec8 29. h3 Nf6 30. Qd4 Nh5 31. Qf2 Qb4 32. Qf3 Qxe4 33. Qxe4
Ng3+ 34. Kh2 Nxe4 35. Rd4 d5 36. a4 bxa4 37. bxa4 Rc1 38. Rxc1 Rxc1 39. Rb4 h5
40. h4 Rc2 41. Rb3 Ra2 42. Ra3 Rb2 43. Ra1 Nc5 44. Nc3 d4 45. Nb5 d3 46. Nd6 d2
47. a5 Nb3 0-1

[Event "DEM U18 2016"]
[Site "Willingen GER"]
[Date "2016.05.17"]
[Round "4"]
[White "Gretz, Denis"]
[Black "Ehmann, Thilo"]
[Result "1-0"]
[Termination "normal"]
[Board "2"]
[WhiteElo "2316"]
[BlackElo "2305"]
[WhiteClock "00:32:47"]
[BlackClock "00:45:01"]
[PlyCount "71"]
[WhiteFideId "12945188"]
[BlackFideId "12940968"]
[EventCountry "GER"]
[EventRounds "9"]
[EventType "swiss"]
[EventDate "2016.05.14"]

1. e4 c5 2. Nf3 Nc6 3. d4 cxd4 4. Nxd4 g6 5. c4 Bg7 6. Nc2 Nf6 7. Nc3 O-O 8.
Be2 d6 9. O-O Nd7 10. Bd2 Nc5 11. b4 Ne6 12. Rc1 a5 13. a3 axb4 14. axb4 Ned4
15. Nxd4 Nxd4 16. Be3 Nc6 17. Nd5 e6 18. Nb6 Ra2 19. b5 Nd4 20. Bxd4 Bxd4 21.
Qxd4 Rxe2 22. Nxc8 Qxc8 23. Qd3 Rb2 24. Qxd6 Rd8 25. Qe5 Rdd2 26. h4 Qd8 27.
Ra1 Rbc2 28. h5 Rxc4 29. h6 Kf8 30. Ra7 Qd3 31. Qh8+ Ke7 32. Rxb7+ Kd6 33. Qb8+
Kc5 34. Qf8+ Qd6 35. Rc7+ Kb4 36. Rb1+ 1-0

[Event "DEM U18 2016"]
[Site "Willingen GER"]
[Date "2016.05.17"]
[Round "4"]
[White "Keller, Peter"]
[Black "Gschnitzer, Adrian"]
[Result "1-0"]
[Termination "normal"]
[Board "3"]
[WhiteTitle "FM"]
[WhiteElo "2285"]
[BlackElo "2258"]
[WhiteClock "00:30:47"]
[BlackClock "00:37:55"]
[PlyCount "97"]
[WhiteFideId "1272105"]
[BlackFideId "1270337"]
[EventCountry "GER"]
[EventRounds "9"]
[EventType "swiss"]
[EventDate "2016.05.14"]

1. e4 c5 2. Nf3 Nc6 3. Bb5 g6 4. Bxc6 bxc6 5. O-O Bg7 6. Re1 f6 7. c3 Nh6 8. d4
cxd4 9. cxd4 O-O 10. Nc3 Nf7 11. h3 d6 12. Be3 e5 13. Qd2 Qe7 14. Rad1 Rb8 15.
b3 Rd8 16. dxe5 fxe5 17. Ng5 Nxg5 18. Bxg5 Bf6 19. Bxf6 Qxf6 20. Re3 Rb7 21.
Rf3 Qe7 22. Rd3 Rbd7 23. Qb2 Rf8 24. Qa3 Rf6 25. Qa4 Qf8 26. f3 Rc7 27. Qb4 Ba6
28. Qa5 Bxd3 29. Qxc7 Bc2 30. Rd2 Qh6 31. Rxc2 Qe3+ 32. Kh2 Qd3 33. Rc1 Qd2 34.
Rd1 Qxc3 35. Rxd6 Rxd6 36. Qxd6 a5 37. Qe6+ Kg7 38. Qc4 Qd2 39. Qxc6 Qf4+ 40.
Kh1 h5 41. Qc3 g5 42. a3 h4 43. b4 axb4 44. axb4 Kh6 45. b5 g4 46. hxg4 h3 47.
gxh3 Qg3 48. Qc1+ Kg6 49. Qf1 1-0

[Event "DEM U18 2016"]
[Site "Willingen GER"]
[Date "2016.05.17"]
[Round "4"]
[White "Riehle, Marco"]
[Black "Pfreundt, Jakob"]
[Result "1/2-1/2"]
[Termination "normal"]
[Board "4"]
[WhiteElo "2271"]
[BlackElo "2248"]
[WhiteClock "01:26:07"]
[BlackClock "01:16:52"]
[PlyCount "65"]
[WhiteFideId "12904392"]
[BlackFideId "12918156"]
[EventCountry "GER"]
[EventRounds "9"]
[EventType "swiss"]
[EventDate "2016.05.14"]

1. e4 e5 2. Nf3 Nc6 3. d4 exd4 4. Bc4 Nf6 5. O-O Nxe4 6. Re1 d5 7. Bxd5 Qxd5 8.
Nc3 Qh5 9. Nxe4 Be6 10. Bg5 Bd6 11. Nxd6+ cxd6 12. Bf4 Qd5 13. c3 O-O 14. Nxd4
Nxd4 15. Qxd4 Qxd4 16. cxd4 d5 17. Rac1 Rac8 18. f3 Rc4 19. Be3 Rfc8 20. Kf2 f6
21. b3 Rc2+ 22. Rxc2 Rxc2+ 23. Re2 Rc6 24. Bd2 Kf7 25. g4 Rc2 26. Bb4 Rc1 27.
f4 g6 28. h3 Rc8 29. Kg3 Re8 30. Rc2 Rc8 31. Rxc8 Bxc8 32. Bc5 a6 33. a3
1/2-1/2

[Event "DEM U18 2016"]
[Site "Willingen GER"]
[Date "2016.05.17"]
[Round "4"]
[White "Engert, Marvin"]
[Black "Boes, Julian"]
[Result "1/2-1/2"]
[Termination "normal"]
[Board "5"]
[WhiteElo "1909"]
[BlackElo "2231"]
[WhiteClock "00:06:48"]
[BlackClock "00:26:20"]
[PlyCount "42"]
[WhiteFideId "12901164"]
[BlackFideId "12907723"]
[EventCountry "GER"]
[EventRounds "9"]
[EventType "swiss"]
[EventDate "2016.05.14"]

1. e4 c5 2. b3 b6 3. Nf3 Bb7 4. Nc3 e6 5. d4 cxd4 6. Nxd4 Bb4 7. Bd2 a6 8. Bd3
Nf6 9. Qe2 Qc7 10. Na4 Bxd2+ 11. Kxd2 b5 12. Nc3 b4 13. Na4 Qf4+ 14. Qe3 Nxe4+
15. Bxe4 Qxe4 16. Qxe4 Bxe4 17. Nb6 Ke7 18. Nxa8 Bxa8 19. a3 bxa3 20. f3 g6 21.
Rxa3 Bb7 1/2-1/2

[Event "DEM U18 2016"]
[Site "Willingen GER"]
[Date "2016.05.17"]
[Round "4"]
[White "Borchert, René"]
[Black "Reitz, Philipp"]
[Result "1-0"]
[Termination "normal"]
[Board "6"]
[WhiteElo "2174"]
[BlackElo "1831"]
[WhiteClock "00:43:24"]
[BlackClock "00:13:49"]
[PlyCount "49"]
[WhiteFideId "12990671"]
[BlackFideId "12973297"]
[EventCountry "GER"]
[EventRounds "9"]
[EventType "swiss"]
[EventDate "2016.05.14"]

1. e4 c5 2. c3 g6 3. d4 cxd4 4. cxd4 d5 5. e5 Nc6 6. Nc3 Nh6 7. Be2 Bg7 8. h3
Bf5 9. Be3 O-O 10. Qd2 Nb4 11. Rc1 Nc2+ 12. Rxc2 Bxc2 13. Qxc2 Nf5 14. Nf3 Qa5
15. Qb3 e6 16. Bg5 h6 17. Bd2 Rac8 18. O-O Qc7 19. Bd3 f6 20. Nb5 Qb6 21. Bb4
Nxd4 22. Nfxd4 fxe5 23. Bxf8 Rxf8 24. Nxe6 Qxe6 25. Nc7 1-0

[Event "DEM U18 2016"]
[Site "Willingen GER"]
[Date "2016.05.17"]
[Round "4"]
[White "Philipp, Mathias"]
[Black "Sabirov, Ramil"]
[Result "0-1"]
[Termination "normal"]
[Board "7"]
[WhiteElo "1870"]
[BlackElo "2043"]
[PlyCount "140"]
[WhiteFideId "12958883"]
[BlackFideId "12900303"]
[EventCountry "GER"]
[EventRounds "9"]
[EventType "swiss"]
[EventDate "2016.05.14"]

1. e4 c5 2. Nf3 Nc6 3. c3 Nf6 4. e5 Nd5 5. d4 cxd4 6. cxd4 d6 7. Bc4 Nb6 8. Bb5
dxe5 9. Nxe5 Bd7 10. Nxd7 Qxd7 11. Nc3 e6 12. Qf3 a6 13. Bxc6 Qxc6 14. Qxc6+
bxc6 15. Bf4 Bb4 16. O-O-O Bxc3 17. bxc3 Nd5 18. Bd2 Rc8 19. Kc2 c5 20. Kd3 c4+
21. Kc2 Kd7 22. Rb1 Rb8 23. g3 Kc6 24. Rhe1 Rb5 25. Rxb5 axb5 26. Bc1 Ra8 27.
a3 Kd6 28. h3 h5 29. Re5 g6 30. Kb2 f6 31. Re2 Ne7 32. Bf4+ Kd5 33. g4 hxg4 34.
hxg4 g5 35. Bg3 Ng6 36. f3 Rh8 37. Bc7 Rh3 38. Rf2 Nh4 39. f4 gxf4 40. Rxf4 Rf3
41. Rxf3 Nxf3 42. Bd8 f5 43. g5 Nh4 44. Bc7 Ke4 45. a4 bxa4 46. Ka3 Kd3 47. Be5
Ng6 48. Kxa4 f4 49. Kb4 f3 50. Bg3 Ne7 51. Bh4 Nd5+ 52. Kc5 Nxc3 53. g6 Ne4+
54. Kb6 Nf6 55. Bxf6 f2 56. g7 f1=Q 57. g8=Q Qxf6 58. Qg3+ Kxd4 59. Qd6+ Ke4
60. Qc6+ Kd3 61. Kb5 Qe5+ 62. Kb4 Qb2+ 63. Ka4 Qb3+ 64. Ka5 c3 65. Qf3+ Kc2 66.
Qe2+ Kb1 67. Qd3+ Ka2 68. Qe2+ c2 69. Ka6 Ka1 70. Qe5+ Qb2 0-1

[Event "DEM U18 2016"]
[Site "Willingen GER"]
[Date "2016.05.17"]
[Round "4"]
[White "Gabler, Eric"]
[Black "Schnabel, Bennett"]
[Result "1-0"]
[Termination "normal"]
[Board "8"]
[WhiteElo "1992"]
[BlackElo "2047"]
[PlyCount "117"]
[WhiteFideId "12949841"]
[BlackFideId "12943290"]
[EventCountry "GER"]
[EventRounds "9"]
[EventType "swiss"]
[EventDate "2016.05.14"]

1. d4 d5 2. c4 e6 3. Nc3 c6 4. Nf3 dxc4 5. e3 b5 6. a4 Bb4 7. Bd2 a5 8. axb5
Bxc3 9. Bxc3 cxb5 10. b3 Bb7 11. bxc4 b4 12. Bb2 Nf6 13. c5 O-O 14. Bd3 Nbd7
15. O-O Qc7 16. Re1 Rfd8 17. Qc2 h6 18. e4 Bc6 19. Qd2 Rdb8 20. e5 Ne8 21. Bb1
a4 22. Qd3 Nf8 23. Re3 a3 24. Bc1 b3 25. Bxa3 b2 26. Ra2 Bd5 27. Rxb2 Rxb2 28.
Bxb2 Rb8 29. Bc3 Qb7 30. Bc2 Nc7 31. h3 Bc6 32. Re1 Bb5 33. Qd2 Nd5 34. Rd1 Qa7
35. Ra1 Qd7 36. Ne1 Ng6 37. Bd3 Ngf4 38. Rb1 Rb7 39. Ra1 Bxd3 40. Nxd3 Nxc3 41.
Nxf4 Na4 42. Qc2 Rb4 43. c6 Qxd4 44. Rd1 Rc4 45. Rxd4 Rxc2 46. Rxa4 Rxc6 47.
Kf1 g5 48. Nd3 Rc2 49. Rb4 Kg7 50. Rb2 Rc3 51. Ke2 Kg6 52. Ke3 h5 53. Rb8 Kg7
54. g3 Ra3 55. Rb4 Kg6 56. h4 f6 57. exf6 Kxf6 58. hxg5+ Kxg5 59. Re4 1-0

[Event "DEM U18 2016"]
[Site "Willingen GER"]
[Date "2016.05.17"]
[Round "4"]
[White "Peters, Tom"]
[Black "Geue, Niklas"]
[Result "1/2-1/2"]
[Termination "normal"]
[Board "9"]
[WhiteElo "1979"]
[BlackElo "1936"]
[PlyCount "106"]
[WhiteFideId "24694444"]
[BlackFideId "12961043"]
[EventCountry "GER"]
[EventRounds "9"]
[EventType "swiss"]
[EventDate "2016.05.14"]

1. e4 e6 2. d4 d5 3. Nc3 dxe4 4. Nxe4 Nd7 5. Nf3 Ngf6 6. Bd3 Nxe4 7. Bxe4 Nf6
8. Bd3 c5 9. O-O cxd4 10. Nxd4 Bc5 11. Nb3 Bd6 12. Bg5 Bd7 13. Qe2 Bc6 14. Rad1
Qc7 15. Bb5 Bxh2+ 16. Kh1 Bf4 17. Bxc6+ bxc6 18. Bxf6 gxf6 19. Nc5 Bd6 20. Nxe6
fxe6 21. Qxe6+ Be7 22. Rfe1 Rd8 23. Qxf6 Rf8 24. Rxd8+ Kxd8 25. Rd1+ Ke8 26.
Qd4 Qf4 27. Qd7+ Kf7 28. Re1 Qf6 29. Qxa7 Rd8 30. a4 Rd5 31. Qe3 Bc5 32. Qh3
Kg7 33. Qg4+ Kf7 34. Re4 Qh6+ 35. Kg1 Qc1+ 36. Kh2 Qh6+ 37. Kg1 Qg6 38. Qf3+
Rf5 39. Rf4 Rxf4 40. Qxf4+ Ke6 41. Qc4+ Kd6 42. b4 Ba7 43. b5 cxb5 44. axb5 Bc5
45. Qe2 Kc7 46. Qd2 Kb6 47. c4 Qf6 48. Qa2 Kc7 49. Qc2 h6 50. g3 Qf3 51. Kf1 h5
52. Ke1 Bb4+ 53. Kf1 Bc5 1/2-1/2

[Event "DEM U18 2016"]
[Site "Willingen GER"]
[Date "2016.05.17"]
[Round "4"]
[White "Mierzwa, Robert"]
[Black "Bugdahl, Felix"]
[Result "1-0"]
[Termination "normal"]
[Board "10"]
[WhiteElo "1976"]
[BlackElo "1826"]
[PlyCount "39"]
[WhiteFideId "12918113"]
[BlackFideId "12938092"]
[EventCountry "GER"]
[EventRounds "9"]
[EventType "swiss"]
[EventDate "2016.05.14"]

1. d4 Nf6 2. c4 g6 3. Nc3 d5 4. cxd5 Nxd5 5. e4 Nxc3 6. bxc3 Bg7 7. Nf3 c5 8.
Rb1 Nc6 9. d5 Ne5 10. Nxe5 Bxe5 11. Qb3 O-O 12. Be2 Qc7 13. h3 Kh8 14. O-O f5
15. f4 Bg7 16. e5 g5 17. g3 Bxe5 18. fxe5 Qxe5 19. c4 Qxg3+ 20. Qxg3 1-0